Parecer prévio sobre as contas prestadas pelo governador do Estado : (Record no. 1441)

MARC details
000 -LÍDER
Campo Fixo de Controle 00899nam a2200229 a 4500
001 - NÚMERO DE CONTROLE
Campo de Controle 1441
003 - IDENTIFICAÇÃO DO NÚMERO DE CONTROLE
Campo de Controle BR-CuiBMT
005 - DATA E HORA DA ÚLTIMA ATUALIZAÇÃO
Campo de Controle 20231209174537.0
008 - DADOS FIXOS
Dados Fixos 231209s2009 scba 000 0 por d
040 ## - AGÊNCIA CATALOGADORA
Código da Agência Catalogadora BR-CuiBMT
Agência que transcreveu o registro BR-CuiBMT
080 ## - Nº DA CLASSIFICAÇÃO DECIMAL UNIVERSAL
Nº edição CDU 2007
Nº Class. CDU 35.073.52
Subd. Auxiliar Comum (816.4)
090 ## - NÚMERO DE CHAMADA
Nº classificação 35.073.52(816.4)
Cutter S231p
110 1# - ENTRADA PRINCIPAL -- ENTIDADE
Nome da entidade ou lugar Santa Catarina.
Unidade subordinada Tribunal de Contas.
245 10 - TÍTULO PRINCIPAL
Título principal Parecer prévio sobre as contas prestadas pelo governador do Estado :
Subtítulo exercício 2008 /
Indicação de responsabilidade Tribunal de contas de Santa Catarina.
260 ## - PUBLICAÇÃO, DISTRIBUIÇÃO, ETC.
Local de publicação Florianópolis :
Editora Tribunal de Contas,
Data 2009.
300 ## - DESCRIÇÃO FÍSICA
N. páginas ou volumes 584 p´. :
Ilustrações il. color. ;
500 ## - NOTAS GERAIS
Notas gerais Gestão: Governador Luiz Henrique da Silveira. Relator: Conselheiro Salomão Ribas Júnior.
650 ## - ASSUNTO TÓPICO
Cabeçalho tópico ou nome geográfico Administração pública
Subdivisão geográfica contas
650 ## - ASSUNTO TÓPICO
Cabeçalho tópico ou nome geográfico Tribunal de contas
Subdivisão de forma relatório e parecer
Subdivisão geográfica Santa Catarina
650 ## - ASSUNTO TÓPICO
Cabeçalho tópico ou nome geográfico Administração pública
Subdivisão geográfica Mato Grosso
942 ## - ELEMENTOS DE ENTRADA ADICIONAIS (KOHA)
Fonte de classificação ou esquema de arquivamento Classificação Decimal Universal
Tipo de item do Koha Livros
Holdings
Estado: removido Estado: perdido Fonte de classificação ou esquema de arquivamento Estado: danificado Indisponível para empréstimo Localização permanente Localização atual Data de aquisição Total Checkouts Número de Chamada completo Código de barras Date last seen Número do exemplar Preço efetivo a partir de Tipo de item (Koha)
    Classificação Decimal Universal     Biblioteca da Escola Superior de Contas do TCE/MT Biblioteca da Escola Superior de Contas do TCE/MT 26/04/2010   35.073.52(816.4) S231p BIBTCEMT23120331 09/12/2023 Ex. 1 09/12/2023 Livros

Powered by Koha